Ensayos sobre los verdaderos principios de la equitación, o Teoría de la escuela de a caballo, adaptada al más exacto raciocinio y a las leyes que dictan la geometría, la anatomía y la mecánica : (Record no. 156906)
[ view plain ]
| 000 -LEADER | |
|---|---|
| campo de control de longitud fija | 01384nam a2200241 4500 |
| 001 - NÚMERO DE CONTROL | |
| campo de control | 156906 |
| 003 - IDENTIFICADOR DE NÚMERO DE CONTROL | |
| campo de control | ES-MaACL |
| 005 - FECHA Y HORA DE LA ÚLTIMA TRANSACCIÓN | |
| campo de control | 20230906210529.0 |
| 008 - DATOS DE LONGITUD FIJA--INFORMACIÓN GENERAL | |
| campo de control de longitud fija | 950427s1805 sp af |||| | spa d |
| 100 1# - ENTRADA PRINCIPAL--NOMBRE DE PERSONA | |
| Nombre de persona | Laiglesia y Darrac, Francisco de. |
| 9 (RLIN) | 69674 |
| 245 10 - MENCIÓN DEL TÍTULO | |
| Título | Ensayos sobre los verdaderos principios de la equitación, o Teoría de la escuela de a caballo, adaptada al más exacto raciocinio y a las leyes que dictan la geometría, la anatomía y la mecánica : |
| Resto del título | con varios suplementos sobre la belleza del caballo, su edad, hechura única de la silla y brida, método de cuidarle, herrarle y conocer sus enfermedades exteriores, para el uso de los caballeros educandos del Real Seminario de Nobles / |
| Mención de responsabilidad, etc. | por D. Francisco de Laiglesia y Darrac. |
| 246 3# - FORMA VARIANTE DEL TITULO | |
| Título propio/Titulo breve | Teoría de la escuela de a caballo |
| 260 ## - PUBLICACIÓN, DISTRIBUCIÓN, ETC. | |
| Lugar de publicación, distribución, etc. | Madrid : |
| Nombre del editor, distribuidor, etc. | en la Imprenta Real, |
| Fecha de publicación, distribución, etc. | 1805. |
| 300 ## - DESCRIPCIÓN FÍSICA | |
| Extensión | X, 268 p., [20] h. lám. ; |
| Dimensiones | 21 cm. |
| 530 ## - NOTA DISPONIBLE DE FORMULARIO FÍSICO ADICIONAL | |
| Nota de formato físico adicional disponible | Disponible en formato digital. |
| 594 ## - Nota al título y mención de responsabilidad | |
| Nota al título y mención de responsabilidad | En port.: tomo I, pero según Palau, 130182 es obra completa. |
| 599 ## - NOTA A LAS ILUSTRACIONES | |
| NOTA A LAS ILUSTRACIONES | Contraport. con grab. |
| 599 ## - NOTA A LAS ILUSTRACIONES | |
| NOTA A LAS ILUSTRACIONES | Lám: grabados calcográficos. |
| 650 #4 - PUNTO DE ACCESO ADICIONAL DE MATERIA--TÉRMINO DE MATERIA | |
| Término de materia o nombre geográfico como elemento de entrada | Equitación. |
| 9 (RLIN) | 136007 |
| 710 2# - ENTRADA AGREGADA--NOMBRE DE ENTIDAD CORPORATIVA | |
| Nombre de entidad corporativa o nombre de jurisdicción como elemento de entrada | Real Seminario de Nobles (Madrid) |
| 9 (RLIN) | 169963 |
| 852 4# - LOCALIZACIÓN | |
| Ubicación | ES-MaACL |
| Número de control de estantería | R-2959 |
| Nota libre | - Enc. pasta española |
| Encuadernación | Olim:G-13033 |
| 856 4# - LOCALIZACIÓN Y ACCESO ELECTRÓNICOS | |
| Identificador Uniforme de Recursos | <a href="http://bdh-rd.bne.es/viewer.vm?id=0000084389&page=1 ">http://bdh-rd.bne.es/viewer.vm?id=0000084389&page=1 </a> |
| Nota pública | Biblioteca Digital Hispánica |
| Estatus retirado | Estado de pérdida | Estado de daño | No para préstamo | Colección | Biblioteca de origen | Biblioteca actual | Ubicación en estantería | Fecha de adquisición | Total de préstamos | Signatura topográfica completa | Código de barras | Visto por última vez | Precio de reemplazo | Tipo de ítem Koha |
|---|---|---|---|---|---|---|---|---|---|---|---|---|---|---|
| Colección digital | Biblioteca del Ateneo de Madrid | Biblioteca del Ateneo de Madrid | Depósito | 17/01/2008 | R-2959 | 1164168 | 23/02/2023 | 23/02/2023 | Libro impreso antiguo |
